|
|
|
|
| LEADER |
01374nam a2200337 a 4500 |
| 001 |
29455 |
| 003 |
BD-DhAAL |
| 005 |
20150726114852.0 |
| 008 |
150726r20131998ii ab b 001 0 eng |
| 010 |
|
|
|a 98904223
|
| 020 |
|
|
|a 8125010254
|
| 020 |
|
|
|a 978815050544
|
| 025 |
|
|
|a I-E-98-904223; 68-91
|
| 037 |
|
|
|b Library of Congress -- New Delhi Field Office
|c Rs250.00
|
| 040 |
|
|
|a DLC
|c DLC
|d BD-DhAAL
|
| 042 |
|
|
|a lcode
|
| 043 |
|
|
|a a-ii---
|
| 050 |
0 |
0 |
|a DS485.B493
|b S345 1998
|
| 082 |
0 |
0 |
|a 954.14035
|2 21
|
| 100 |
1 |
|
|a Samaddar, Ranabir.
|9 13246
|
| 245 |
1 |
0 |
|a Memory, identity, power :
|b politics in the junglemahals (West Bengal), 1890-1950 /
|c Ranabir Samaddar.
|
| 250 |
|
|
|a 2nd ed.
|
| 260 |
|
|
|a Chennai, [India] :
|b Orient Longman ;
|b Orient BlackSwan,
|c 1998 [reprinted 2013]
|
| 300 |
|
|
|a xxiv, 304 p. :
|b ill., maps ;
|c 23 cm.
|
| 504 |
|
|
|a Includes bibliographical references (p. [282]-291) and index.
|
| 541 |
|
|
|e 29455
|
| 651 |
|
0 |
|a West Bengal (India)
|x History
|y 20th century.
|9 13247
|
| 942 |
|
|
|2 ddc
|c BK
|
| 999 |
|
|
|c 35073
|d 35073
|
| 952 |
|
|
|0 0
|1 0
|2 ddc
|4 0
|6 954_140350000000000_SAM
|7 0
|9 54959
|a BRACUL
|b BRACUL
|c GEN
|d 2015-07-26
|l 0
|o 954.14035 SAM
|p 3010029455
|r 2015-07-26
|t 1
|w 2015-07-26
|y BK
|
| 952 |
|
|
|0 0
|1 0
|2 ddc
|4 0
|6 954_140350000000000_SAM
|7 0
|9 54960
|a BRACUL
|b BRACUL
|c GEN
|d 2015-07-26
|l 1
|m 3
|o 954.14035 SAM
|p 3010029456
|r 2024-12-09
|s 2024-11-26
|t 2
|w 2015-07-26
|y BK
|